Vista normal
Vista MARC
Entrada Personal Name
Número de registros utilizados en: 2
001 - CONTROL NUMBER
- control field: 2862
003 - CONTROL NUMBER IDENTIFIER
- control field: OSt
005 - DATE AND TIME OF LATEST TRANSACTION
- control field: 20200408170109.0
008 - FIXED-LENGTH DATA ELEMENTS
- fixed length control field: 200408|| aca||aabn | a|a d
040 ## - CATALOGING SOURCE
- Original cataloging agency: OSt
- Transcribing agency: OSt
100 ## - HEADING--PERSONAL NAME
- Personal name: Zambrano Cetina, William,
670 ## - SOURCE DATA FOUND
- Source citation: Work cat.: (OSt)5180: Eastman Robledo, Jorge Mario, compilador 2858, Manual para participar en el desarrollo institucional : , 1996